000 00542nam a2200217Ia 4500
003 OSt
005 20220928133542.0
006 a|||||r|||| 00| 0
007 ta
008 220927b |||||||| |||| 00| 0 eng d
024 _a30822
037 _cTextual
040 _aSDCL
_cSDCL
_beng
041 _2eng
_aeng
082 _aX512:8, P8
100 _aBhatia S C
_9375241
245 0 _aRtail management.
260 _aNew Delhi
_bAtlantic
_c2008
942 _hX512:8, P8
_cTEXL
_2CC
999 _c800025
_d800025